| 000 | 00889nam a2200217 i 4500 | ||
|---|---|---|---|
| 001 | 182938 | ||
| 003 | ES-MaACL | ||
| 005 | 20251207063033.0 | ||
| 008 | 131217s1770 fr f |||| | fre d | ||
| 100 | 1 |
_aSaint-Aubin, Charles-Germain de, _d1721-1786 _9154025 |
|
| 245 | 1 | 2 |
_aL'art du brodeur / _cpar M. de Saint-Aubin. |
| 260 |
_a[Paris] : _bImprimerie de L. F. Delatour, _c1770. |
||
| 300 |
_a50 p., 10 lám. ; _cFol. (44 cm) |
||
| 490 | 1 | _aDescriptions des arts et métiers faites ou approuvées par Messieurs de l'Académie Royale des Sciences | |
| 530 | _aDisponible en formato digital. | ||
| 650 | 4 |
_aBordado- _vObras anteriores a 1800. _9154026 |
|
| 830 | 0 | 0 |
_aDescriptions des arts et métiers _9241750 |
| 852 |
_aES-MaACL _jR-63(2) _xOlim: C-10827-70 |
||
| 856 |
_uhttp://gallica.bnf.fr/ark:/12148/bpt6k1065586m?rk=21459;2 _zBNF-Gallica |
||
| 999 |
_c182938 _d182938 |
||